Plástev medu /

Uložené v:
Podrobná bibliografia
Hlavný autor: Hercíková, Iva, 1935-2007 (Author)
Médium: Kniha
Jazyk:Czech
Vydané: Praha : Melantrich, 1976
Vydanie:1. vyd.
ISBN: (viaz.)
Fyzický popis: 241 s.
Tagy: Pridať tag
Žiadne tagy, Buďte prvý kto otaguje tento záznam!

MARC

LEADER 00000nam a2200000 a 4500
001 000470708
005 20150524134908.0
008 110225 1976 xr e cze d
020 |a (viaz.)  |c Kčs 19,00 
040 |a SVKKK  |b slo  |c SVKKK  |e AACR2 
041 0 |a cze 
044 |a xr  |c CZ 
100 1 |a Hercíková, Iva,  |d 1935-2007  |4 aut 
245 1 0 |a Plástev medu /  |c Iva Hercíková. 
250 |a 1. vyd. 
260 |a Praha :  |b Melantrich,  |c 1976  |e (Brno,  |f Tisk) 
300 |a 241 s. 
366 |e 18000 výtl. 
500 |a Obálka a väzba Libor Fára 
500 |a Frontispis 
910 |a svkkk 
998 |a BK 
090 |g SCKHL  |k Sklad Pribinova 2. posch.  |a II.227097  |j 550047  |i 470708-10  |s Povinný výt.